2000 1752 1140 1017 1082 1901 1873 1993 1413 1309 1414 1027 1244 1802 1690 1238 1797 1771 1388 1968 1806 1134 1924 1473 1104 1114 1720 1638 1704 1946 1848 1082 1174 1581 1642 1032 1417 1127 1294 1679 1382 1918 1934 1064 1995 1030 1194 1487 1967 1931 1617 1056 1130 1376 1783 1824 1847 1266 1296 1418 1340 1133 1562 1903 1688 1137 1797 1340 1376 1351 1770 1323 1917 1397 1920 1504 1264 1796 1258 1355 1532 1251 1686 1255 1306 1220 1782 1693 1133 1911 1906 1313 1052 1998 1807 1256 1846 1667 1098 BCNSPRNW ULIB Ver.6.0+V

เปลี่ยนเป็นภาษาไทย

Change to English
 แสดงรายละเอียดบรรณานุกรม
  กลับหน้าหลัก

Brief Record : Get Marc (ISO 2709) : E-mail record : QR code < ปิดหน้าต่าง
LEADER : 00000nam 2200000uu 4500
001    13399110590
003     ULIB
008    110603s2549||||th 000 0 tha d
020    9749457692
050  4 HD31^bจ214ก 2549
100 0  จักร ติงศภัทิย์
245 10 การจัดการยุคใหม่ :กลยุทธ์การบริหารผลการดำเนินงาน =^bModern management : A strategic approcah for performance management /^cจักร ติงศภัทิย์
246 31 Modern management : A strategic approcah for performancemanagement
250    พิมพ์ครั้งที่ 1
260    กรุงเทพฯ :^bเอ็กซเปอร์เน็ท,^c2549
300    173 หน้า :^bภาพประกอบ ;^c22 ซม.
650  7 การจัดการ
650  7 การจัดการองค์การ
650  7 การบริหาร
945    ^p180^l0^i18221
995    กษร
999    ^aใช้งานได้ทุกระบบ
รายการนี้ยังไม่มีแท็ก
คุณยังไม่ได้ล็อกอิน คุณสามารถมีกิจกรรมร่วมกับเว็บไซต์ได้ แต่ต้องล็อกอินก่อน ::
  ล็อกอิน

รายการสื่อสารสนเทศ

ลำดับที่ ประเภท เลขเรียก/บาร์โค้ด สถานที่ สถานะ
- ไม่พบข้อมูล -

รายการใกล้เคียง
    ผู้แต่ง [จักร ติงศภัทิย์]

    หัวเรื่อง [การจัดการ]
    หัวเรื่อง [การจัดการองค์การ]
    หัวเรื่อง [การบริหาร]

BibComment


ยังไม่เคยถูกคอมเมนท์

คอมเมนท์ทรัพยากรรายการนี้
  คอมเมนท์: การจัดการยุคใหม่ ..


 Copyright 2026. Bcnsprnw @Library